Plant physiology / (Record no. 7501)
[ view plain ]
| 000 -LEADER | |
|---|---|
| fixed length control field | 00391cam a2200157ua 4500 |
| 041 ## - LANGUAGE CODE | |
| Language code of text/sound track or separate title | eng |
| 082 ## - DEWEY DECIMAL CLASSIFICATION NUMBER | |
| Classification number | 581.1 |
| Item number | BID/PL |
| 100 ## - MAIN ENTRY--AUTHOR NAME | |
| Personal name | Bidwell, R G S . |
| 245 ## - TITLE STATEMENT | |
| Title | Plant physiology / |
| 250 ## - EDITION STATEMENT | |
| Edition statement | 1 / |
| 260 ## - PUBLICATION, DISTRIBUTION, ETC. (IMPRINT) | |
| Place of publication | Melbourne : |
| Name of publisher | MacMillan and Company Limited , |
| Year of publication | 1974. |
| 300 ## - PHYSICAL DESCRIPTION | |
| Number of Pages | 643 ; . |
| 942 ## - ADDED ENTRY ELEMENTS (KOHA) | |
| Koha item type | Books |
| Withdrawn status | Lost status | Damaged status | Home library | Current library | Date acquired | Full call number | Accession Number | Koha item type |
|---|---|---|---|---|---|---|---|---|
| KAUAET | KAUAET | 19/08/1986 | 581.1 BID/PL | 15334 | Books |
